=LDR 00000nam 2200000 4500 =001 INLIS000000000002322 =005 20130612090653 =008 ***********************************Ind** =035 ##$$0010-061300000002322 =041 ##$$a Ind =082 ##$$a 813.01 =090 ##$$a 813.01, Bus d =100 ##$$a Busye, Motinggo =245 ##$$a Dua tengkorak kepala, Motinggo Busye =260 ##$$a 1999 $b Yogyakarta =300 ##$$a ix, 150 hlm, 21 cm =650 ##$$a Cerita pendek-Indonesia =850 ##$$a NBPNMAT =990 ##$$a 21400613/BPAP-NTB/20142014 =990 ##$$a 2090101392/BPAP-NTB/2015